[Event "Challenge"]
[Site "http://www.queenalice.com/game.php?id=636269"]
[Date "2009.8.14"]
[Round "-"]
[White "kisly"]
[Black "Twinigo"]
[Result "1-0"]
[WhiteElo "1173"]
[BlackElo "1966"]

1. e4 c5 2. Na3 Nc6 3. d3 e6 4. c3 Nf6 5. h4 Be7 6. Nh3 O-O 7. f3 d5 8. Ng5 dxe4
9. dxe4 Qxd1+ 10. Kxd1 Rd8+ 11. Bd2 a6 12. Nc4 Nd7 13. Be2 b5 14. Ne3 Rb8 15.
Rh3 Nce5 16. f4 1-0

[Event "Chess Champions"]
[Site "http://www.queenalice.com/game.php?id=636680"]
[Date "2009.8.15"]
[Round "1"]
[White "Twinigo"]
[Black "Alain91"]
[Result "1-0"]
[WhiteElo "2142"]
[BlackElo "2105"]

1. e4 e5 2. Nf3 d5 3. d4 dxe4 4. Nxe5 Bd6 5. Nc4 Bb4+ 6. Nc3 Nf6 7. Be2 Nc6 8.
a3 Be7 9. Be3 Bf5 10. g4 Be6 11. g5 Nd5 12. Nxd5 Qxd5 13. Nd2 Nxd4 14. c4 Qe5
15. Nb3 Nxe2 16. Qxe2 O-O-O 17. Rc1 Bxg5 18. Bxg5 Qxg5 19. Rc3 Qg2 20. Qf1 Rd3
21. Qxg2 1-0

[Event "Challenge"]
[Site "http://www.queenalice.com/game.php?id=637352"]
[Date "2009.8.15"]
[Round "-"]
[White "juarid"]
[Black "Twinigo"]
[Result "1-0"]
[WhiteElo "2104"]
[BlackElo "1980"]

1. e4 e5 2. Nf3 Nc6 3. Bb5 a6 4. Ba4 Nf6 5. O-O b5 6. Bb3 Bc5 7. c3 O-O 8. d4
Bb6 9. Bg5 h6 10. Bh4 d6 11. h3 Bb7 12. dxe5 Nxe5 13. Nxe5 dxe5 14. Qe2 c5 15.
Rd1 Qe7 16. Bd5 g5 17. Bg3 Nxd5 18. exd5 Rad8 19. c4 f5 20. f4 gxf4 21. Bxf4 Qh4
22. Bh2 bxc4 23. Nc3 Rd7 24. Qxe5 Bc7 25. Qe6+ Rff7 26. d6 Bd8 27. Re1 Qd4+ 28.
Kh1 Kh7 29. Rad1 Bxg2+ 30. Kxg2 Rg7+ 31. Kh1 Qf2 32. Qe2 Qh4 33. Qf3 Rg5 34. Nd5
Rdg7 35. Nf4 Rg3 36. Bxg3 Rxg3 37. Qb7+ Kg8 38. Re8# 1-0

[Event "AUTO-ADV-1305"]
[Site "http://www.queenalice.com/game.php?id=643412"]
[Date "2009.8.27"]
[Round "2"]
[White "Twinigo"]
[Black "Bernobr"]
[Result "0-1"]
[WhiteElo "1995"]
[BlackElo "2010"]

1. e4 c5 2. Nf3 Nc6 3. Bb5 d6 4. O-O Bd7 5. a4 a6 6. Be2 Nf6 7. Nc3 g6 8. Re1
Bg7 9. Bf1 O-O 10. e5 dxe5 11. Nxe5 Nxe5 12. Rxe5 Qc7 13. Re1 Ng4 14. g3 Ne5 15.
f4 Ng4 16. Rxe7 Bd4+ 17. Re3 Nxe3 18. dxe3 Bxc3 19. bxc3 b5 20. Bb2 c4 21. Qe2
Bc6 22. Rd1 Qb7 23. Rd4 Rfd8 24. Ba3 Rd7 25. Qg4 Re8 26. Kf2 Rxd4 27. cxd4 Be4
28. c3 Bf5 29. Qf3 Be4 30. Qd1 Qd7 31. axb5 axb5 32. Bc5 Qe6 33. Qd2 Qg4 34. Qe2
Qf5 35. Qd2 Qh5 36. Kg1 Qf3 37. Bg2 Qxg2+ 38. Qxg2 Bxg2 39. Kxg2 Rxe3 0-1

[Event "AUTO-ADV-1305"]
[Site "http://www.queenalice.com/game.php?id=643413"]
[Date "2009.8.27"]
[Round "2"]
[White "Bernobr"]
[Black "Twinigo"]
[Result "1-0"]
[WhiteElo "1993"]
[BlackElo "2012"]

1. e4 c5 2. Nc3 Nc6 3. g3 e5 4. Bg2 Nf6 5. d3 Be7 6. f4 d6 7. Be3 Ng4 8. Bd2 Bd7
9. h3 Nf6 10. Nf3 Qc8 11. f5 g6 12. g4 Qc7 13. g5 Nh5 14. f6 Bf8 15. Nd5 Qc8 16.
Kf2 Nd4 17. c3 Ne6 18. b4 Bc6 19. Re1 Kd8 20. Be3 Bxd5 21. exd5 Nef4 22. Bxf4
Nxf4 23. bxc5 Qxc5+ 24. Kf1 Nxg2 25. Kxg2 Qxd5 26. Qa4 h6 27. d4 e4 28. Kf2 hxg5
29. Rab1 Rxh3 30. Rb5 Rxf3+ 31. Kg2 Qe6 32. Rxg5 1-0

[Event "Open to all... 2"]
[Site "http://www.queenalice.com/game.php?id=646431"]
[Date "2009.9.3"]
[Round "-"]
[White "Twinigo"]
[Black "jw16js"]
[Result "1-0"]
[WhiteElo "2153"]
[BlackElo "1517"]

1. e4 e5 2. Nf3 Bd6 3. Bc4 Nf6 4. d4 exd4 5. e5 Qe7 6. Qe2 Bxe5 7. Qxe5 Qxe5+ 8.
Nxe5 d5 9. Bd3 Nbd7 10. Nxd7 Bxd7 11. O-O O-O-O 12. Bg5 Rde8 13. Nd2 Ng4 14.
Rae1 Ne5 15. Nb3 Nc6 16. a3 Rxe1 17. Rxe1 f6 18. Bf4 g5 19. Bd2 Ne5 20. Nxd4 c5
21. Nf3 Nxf3+ 22. gxf3 Bh3 23. Re7 Kd8 24. Rxh7 Rxh7 25. Bxh7 Be6 26. f4 gxf4
27. Bxf4 Ke7 28. h4 Bg4 29. Bg6 f5 30. h5 Kf6 31. Kg2 Be2 32. Be8 Kg7 33. h6+
Kh7 34. Bd7 Bg4 35. f3 Bh5 36. Bxf5+ Bg6 37. Be6 d4 38. c4 Bd3 39. Kg3 b5 40.
cxb5 Bg6 41. Kg4 d3 42. Kg5 Be8 43. Bf5+ Kg8 44. h7+ Kg7 45. Be5+ Kf7 46. h8=Q
d2 47. Qg7# 1-0

[Event "Open to all... 2"]
[Site "http://www.queenalice.com/game.php?id=646432"]
[Date "2009.9.3"]
[Round "-"]
[White "jw16js"]
[Black "Twinigo"]
[Result "0-1"]
[WhiteElo "1499"]
[BlackElo "2138"]

1. e4 c5 2. Bc4 e6 3. Qe2 Nc6 4. Nf3 Nge7 5. c3 Ng6 6. d4 cxd4 7. cxd4 b6 8. Bg5
Be7 9. h4 Nxh4 10. Bxh4 Nxd4 11. Nxd4 Bxh4 12. Nb5 O-O 13. Qh5 Qg5 14. Qxh4 Qc1+
15. Ke2 Qxc4+ 16. Kf3 Qd3+ 17. Kf4 h6 18. a4 g5+ 19. Ke5 gxh4 20. N1c3 Qd2 21.
Rxh4 f6# 0-1

[Event "Open to all... 3"]
[Site "http://www.queenalice.com/game.php?id=648259"]
[Date "2009.9.6"]
[Round "-"]
[White "Twinigo"]
[Black "nightw0lf"]
[Result "1/2-1/2"]
[WhiteElo "2139"]
[BlackElo "2092"]

1. e4 c5 2. Nf3 d6 3. Bb5+ Bd7 4. a4 Bxb5 5. axb5 Qb6 6. c4 Nf6 7. Nc3 e6 8. O-O
Be7 9. e5 dxe5 10. Nxe5 O-O 11. Re1 Nbd7 12. d3 Nxe5 13. Rxe5 Bd6 1/2-1/2

[Event "QA-ANNIV-05"]
[Site "http://www.queenalice.com/game.php?id=654431"]
[Date "2009.9.18"]
[Round "2"]
[White "Twinigo"]
[Black "Constante"]
[Result "0-1"]
[WhiteElo "2154"]
[BlackElo "2108"]

1. e4 c6 2. d4 d5 3. exd5 cxd5 4. c4 dxc4 5. Bxc4 Qc7 6. Qc2 Qd6 7. Bxf7+ Kd8 8.
Nc3 Qxd4 9. Be3 Qf6 10. Rd1+ Nd7 11. Qb3 Nh6 12. Be6 Ke8 13. Nd5 Qe5 14. f4 Qb8
15. Qc3 Kd8 16. Bd4 Qd6 17. Bxd7 Bxd7 18. Bxg7 Qe6+ 19. Kf1 Bb5+ 20. Kf2 Ng4+
21. Kg3 Bd7 22. Bxh8 Rc8 23. Qe1 Qg8 24. Bc3 Ne3+ 25. Kf3 Nxd5 26. Qg3 Qe6 27.
Qe1 Qg4+ 28. Kf2 Nxf4 29. Qe4 Nh3+ 0-1

[Event "AUTO-MASTER-858"]
[Site "http://www.queenalice.com/game.php?id=656486"]
[Date "2009.9.22"]
[Round "2"]
[White "Twinigo"]
[Black "Heike67"]
[Result "0-1"]
[WhiteElo "2130"]
[BlackElo "2223"]

1. e4 e5 2. Nf3 Nc6 3. Bb5 a6 4. Ba4 Nf6 5. O-O Be7 6. Nc3 b5 7. Bb3 d6 8. Re1
Bg4 9. a4 Nd4 10. Nd5 Bxf3 11. gxf3 Nxb3 12. cxb3 Nxd5 13. exd5 O-O 14. d4 Qd7
15. Re4 f5 16. Re2 Bf6 17. dxe5 dxe5 18. f4 e4 19. Be3 Rad8 20. Rc1 Qxd5 21.
Qxd5+ Rxd5 22. Rxc7 Rd3 23. axb5 axb5 24. Bc5 Rfd8 25. b4 R3d7 26. Rc6 Rb7 27.
b3 Kf7 28. Ra2 Rd3 29. Ra8 Rxb3 30. Rf8+ Kg6 31. Kg2 Kh5 32. Rh8 h6 33. Rd8 Bxd8
0-1

[Event "AUTO-MASTER-858"]
[Site "http://www.queenalice.com/game.php?id=656487"]
[Date "2009.9.22"]
[Round "2"]
[White "Heike67"]
[Black "Twinigo"]
[Result "1/2-1/2"]
[WhiteElo "2232"]
[BlackElo "2121"]

1. e4 b6 2. d4 Bb7 3. Nc3 e5 4. dxe5 Nc6 5. Nf3 Bb4 6. Bd2 Nge7 7. a3 Bxc3 8.
Bxc3 Ng6 9. Bc4 Qe7 10. O-O Ncxe5 11. Nxe5 Nxe5 12. Bb3 O-O-O 13. Re1 Qg5 14. g3
Qe7 15. f4 Ng6 16. Qd4 f6 17. Rad1 Nf8 18. e5 f5 19. Qd3 Qc5+ 20. Qe3 Ne6 21.
Qxc5 Nxc5 22. Bc4 Ne4 23. Bd4 h5 24. b4 Rh6 25. Be2 g6 26. c4 Rh7 27. c5 Re8 28.
Bd3 Rhe7 29. Re3 Bc6 30. h3 Kd8 31. cxb6 axb6 32. b5 Bb7 33. Bxe4 1/2-1/2

[Event "AUTO-MASTER-858"]
[Site "http://www.queenalice.com/game.php?id=656488"]
[Date "2009.9.22"]
[Round "2"]
[White "Twinigo"]
[Black "kronsteen"]
[Result "0-1"]
[WhiteElo "2141"]
[BlackElo "2144"]

1. e4 e6 2. d4 d5 3. exd5 exd5 4. c4 Nf6 5. Bd3 Bb4+ 6. Nc3 O-O 7. Ne2 dxc4 8.
Bxc4 Nbd7 9. O-O Nb6 10. Bb3 c6 11. Bg5 Be7 12. Re1 Re8 13. Qd2 Bf5 14. Ng3 Bg6
15. Re2 Nfd5 16. Bxe7 Rxe7 17. Rae1 Rxe2 18. Rxe2 Qd7 19. Qe1 h6 20. Nge4 Nf4
21. Re3 Qxd4 22. Rf3 Nfd5 23. Nxd5 Nxd5 24. Nd6 b6 25. Qc1 Qb4 26. Bxd5 cxd5 27.
Nc8 d4 28. h3 Qf8 0-1

[Event "AUTO-MASTER-858"]
[Site "http://www.queenalice.com/game.php?id=656489"]
[Date "2009.9.22"]
[Round "2"]
[White "kronsteen"]
[Black "Twinigo"]
[Result "0-1"]
[WhiteElo "2171"]
[BlackElo "2129"]

1. d4 Nf6 2. c4 c5 3. d5 b5 4. Nf3 Bb7 5. Nbd2 e6 6. dxe6 fxe6 7. cxb5 Be7 8. g3
O-O 9. Bg2 Qb6 10. a4 d5 11. e4 Nxe4 12. Nxe4 dxe4 13. Ne5 e3 14. Nf3 exf2+ 15.
Kxf2 a6 16. a5 Qxb5 17. Qe2 Qxe2+ 18. Kxe2 Nc6 19. Be3 Nb4 20. Rhd1 Bd5 21. Rac1
Rad8 22. Ne1 Bxg2 23. Nxg2 Rxd1 24. Rxd1 Nd5 25. Bf2 Rb8 26. Rd2 Rb5 27. Rc2
Rxa5 28. Ne1 Kf7 29. Nd3 Nb4 30. Rc3 Nxd3 31. Kxd3 Bf6 32. Rb3 Rb5 33. Kc4 Rxb3
34. Kxb3 Bd4 0-1

[Event "Open to all... 4"]
[Site "http://www.queenalice.com/game.php?id=661458"]
[Date "2009.10.2"]
[Round "-"]
[White "Twinigo"]
[Black "CCapivara"]
[Result "1-0"]
[WhiteElo "2120"]
[BlackElo "2068"]

1. e4 d6 2. d4 Nf6 3. Nc3 c6 4. Bd3 e5 5. dxe5 dxe5 6. Nf3 Bg4 7. h3 Bxf3 8.
Qxf3 Nbd7 9. Bg5 Be7 10. O-O O-O 11. Nd1 h6 12. Bh4 Qc7 13. Ne3 Rfe8 14. c4 Rad8
15. Rfd1 Nc5 16. Bc2 a5 17. Bg3 g6 18. a3 Ne6 19. Ng4 Nxg4 20. Qxg4 h5 21. Rxd8
hxg4 22. Rxe8+ Kg7 23. hxg4 Bg5 24. Rd1 Bf4 25. Bxf4 Nxf4 26. Rdd8 g5 27. c5
Ne2+ 28. Kf1 Nd4 29. Rg8+ Kf6 30. Bd3 Qe7 31. Rd6+ Ne6 32. Bc4 Qc7 33. Re8 b5
34. Bxe6 fxe6 35. Rexe6+ Kf7 36. Rh6 Kg7 37. Rdg6+ Kf8 38. Rh8+ 1-0

[Event "Open to all... 4"]
[Site "http://www.queenalice.com/game.php?id=661460"]
[Date "2009.10.2"]
[Round "-"]
[White "CCapivara"]
[Black "Twinigo"]
[Result "1-0"]
[WhiteElo "2104"]
[BlackElo "2142"]

1. e4 c5 2. Nf3 Nc6 3. d4 cxd4 4. Nxd4 g6 5. Nc3 Bg7 6. Be3 a6 7. Qd2 e6 8. Bc4
Qc7 9. Bb3 Nf6 10. f3 b5 11. O-O-O Bb7 12. Ndxb5 axb5 13. Nxb5 Qe5 14. Nd6+ Ke7
15. Nxb7 d5 16. Bc5+ Kd7 17. exd5 Nxd5 18. c3 Kc7 19. Bd6+ Kxb7 20. Bxe5 Nxe5
21. Bxd5+ exd5 22. Qxd5+ 1-0

[Event "Open to all... 5"]
[Site "http://www.queenalice.com/game.php?id=667538"]
[Date "2009.10.15"]
[Round "-"]
[White "Twinigo"]
[Black "KennyB"]
[Result "0-1"]
[WhiteElo "2081"]
[BlackElo "1805"]

1. e4 e6 2. d4 d5 3. Nc3 Nf6 4. Bg5 Bb4 5. e5 h6 6. exf6 hxg5 7. fxg7 Rg8 8. Qh5
Qf6 9. Nf3 Qxg7 10. Bd3 g4 0-1

[Event "Open to all... 6"]
[Site "http://www.queenalice.com/game.php?id=668587"]
[Date "2009.10.17"]
[Round "-"]
[White "Twinigo"]
[Black "Giant"]
[Result "0-1"]
[WhiteElo "2104"]
[BlackElo "1898"]

1. Nf3 Nf6 2. c4 g6 3. d4 Bg7 4. e3 O-O 5. Bd3 d6 6. Nc3 Nc6 7. Bd2 e5 8. O-O
Bg4 9. d5 Nb4 10. Bb1 a5 11. h3 Bd7 12. Ne4 Nxe4 13. Bxe4 f5 14. Bb1 b6 15. e4
Na6 16. Re1 f4 17. a3 Bf6 18. b4 axb4 19. axb4 g5 20. Nh2 h6 21. Ng4 Bg7 22. Bc2
Qe7 23. Ra3 Rfb8 24. Qa1 h5 25. Nh2 g4 26. Rxa6 Rxa6 27. Qxa6 Rf8 28. Qa3 Qh4
29. Qc1 gxh3 30. Nf3 Qg4 31. Kf1 Qxg2+ 32. Ke2 Qxf3+ 0-1

[Event "Open to all... 6"]
[Site "http://www.queenalice.com/game.php?id=668588"]
[Date "2009.10.17"]
[Round "-"]
[White "Giant"]
[Black "Twinigo"]
[Result "1-0"]
[WhiteElo "1872"]
[BlackElo "2124"]

1. e4 c5 2. Nf3 Nc6 3. Bb5 e6 4. O-O a6 5. Bxc6 bxc6 6. e5 Ne7 7. d3 Bb7 8. b3
Ng6 9. Re1 Be7 10. Nbd2 Qc7 11. Nc4 O-O 12. a4 f6 13. Bd2 fxe5 14. Ba5 Qb8 15.
Ncxe5 Nxe5 16. Nxe5 Bf6 17. Nxd7 Qf4 18. Re4 Qh6 19. c3 Rf7 20. Nxc5 Bc8 21. d4
Raa7 22. Qe2 Bg5 23. c4 Rf5 24. h3 Raf7 25. Rf1 Be7 26. Bd2 Qf6 27. Nd3 c5 28.
Ne5 cxd4 29. Nxf7 Kxf7 30. Qd3 a5 31. Qxd4 Bc5 32. Qxf6+ gxf6 33. Rf4 1-0